<?xml version="1.0" encoding="UTF-8"?>
<collection xmlns="http://www.loc.gov/MARC21/slim">
 <record>
  <leader>00493pamaa2200169   4500</leader>
  <controlfield tag="001">0000012840</controlfield>
  <controlfield tag="005">20190806090000.0</controlfield>
  <datafield tag="020" ind1="0" ind2="0">
   <subfield code="a">0023051620 </subfield>
  </datafield>
  <datafield tag="020" ind1="0" ind2="0">
   <subfield code="a">9780139064708 </subfield>
  </datafield>
  <datafield tag="082" ind1=" " ind2=" ">
   <subfield code="a">658.8 MAR</subfield>
  </datafield>
  <datafield tag="090" ind1="0" ind2="0">
   <subfield code="a">HF5415.13 </subfield>
   <subfield code="b">MAR 1998</subfield>
  </datafield>
  <datafield tag="245" ind1="0" ind2="0">
   <subfield code="a">MARKETING management  </subfield>
   <subfield code="c">Richard P. Bagozzi ... [et al.].</subfield>
  </datafield>
  <datafield tag="260" ind1="0" ind2="0">
   <subfield code="a">New York: </subfield>
   <subfield code="b">Prentice Hall, </subfield>
   <subfield code="c">1998.</subfield>
  </datafield>
  <datafield tag="300" ind1=" " ind2=" ">
   <subfield code="a">xxii, 741p.: </subfield>
   <subfield code="b">col.ill.; </subfield>
   <subfield code="c">26cm.</subfield>
  </datafield>
  <datafield tag="650" ind1="0" ind2="0">
   <subfield code="a">Marketing -- </subfield>
   <subfield code="x">Management </subfield>
  </datafield>
  <datafield tag="700" ind1="1" ind2="1">
   <subfield code="a">BAGOZZI, </subfield>
   <subfield code="h">Richard P. </subfield>
  </datafield>
  <datafield tag="700" ind1="1" ind2="1">
   <subfield code="a">Rosa, </subfield>
   <subfield code="h">Jose Antonio </subfield>
  </datafield>
 </record>
</collection>
